000 00698nam a2200205 i 4500
001 150608
003 ES-MaACL
005 20250829120103.0
007 t|
008 071031s1931 sp ||||1| spa d
100 1 _aValencia, Luis.
_9112568
245 1 0 _aHigiene de la primera infancia :
_b(puericultura) /
_cpor el Dr. Luis Valencia.
260 _aValencia :
_b[Cuadernos de Cultura],
_c1931 (
_fTip. P. Quiles)
300 _a55 p. :
_bil. ;
_c17 cm.
490 1 _aCuadernos de cultura ;
_v37. Higiene ;
_v2
650 4 _aNiƱos-
_xSalud e higiene.
_915557
830 1 _aCuadernos de cultura
_v37. Higiene ;
_v2
_9181245
852 _aES-MaACL
_j1923-F-5
999 _c150608
_d150608